000 00297nam a2200097Ia 4500
082 _a736.982 BEEC
245 0 _aDecorative origami : over 25 innovative paperfolding projects
100 _a BEECHER, Rick London, 2003
_992938
942 _cBK
008 210817s9999 xx 000 0 und d
999 _c406106
_d406105